000
00260nam a2200109Ia 4500
008
190914s9999||||xx |||||||||||||| ||und||
100
_a
Sershar Siddiqi
245
0
_a
Mesaq Sher Aqeedat
260
_a
Karachi
_b
Hira Foundation
_c
1997
300
_a
862
942
_c
BK
999
_c
9189
_d
9189